| 000 | 01401nam a2200361 a 4500 | ||
|---|---|---|---|
| 001 | ebr10713136 | ||
| 003 | CaPaEBR | ||
| 006 | m o u | ||
| 007 | cr cn||||||||| | ||
| 008 | 050315s2004 enk sb 001 0beng d | ||
| 010 | _z 2005295138 | ||
| 020 | _z1850434530 | ||
| 020 | _z9781850434535 | ||
| 020 | _z9780857716811 (e-book) | ||
| 040 |
_aCaPaEBR _cCaPaEBR |
||
| 035 | _a(OCoLC)849915642 | ||
| 043 | _ae-uk--- | ||
| 050 | 1 | 4 |
_aD15.P535 _bR46 2004eb |
| 082 | 0 | 4 |
_a940.2/072/02 _222 |
| 100 | 1 |
_aRenton, Dave, _d1972- |
|
| 245 | 1 | 0 |
_aSidney Pollard _h[electronic resource] : _ba life in history / _cDavid Renton. |
| 260 |
_aLondon ; _aNew York : _bTauris Academic Studies, _c2004. |
||
| 300 | _aix, 214 p. | ||
| 490 | 1 |
_aInternational library of twentieth century history ; _v2 |
|
| 504 | _aIncludes bibliographical references (p. [188]-210) and index. | ||
| 533 |
_aElectronic reproduction. _bPalo Alto, Calif. : _cebrary, _d2013. _nAvailable via World Wide Web. _nAccess may be limited to ebrary affiliated libraries. |
||
| 600 | 1 | 0 | _aPollard, Sidney. |
| 650 | 0 |
_aHistorians _zGreat Britain _vBiography. |
|
| 655 | 7 |
_aElectronic books. _2local |
|
| 710 | 2 | _aebrary, Inc. | |
| 830 | 0 |
_aInternational library of twentieth century history ; _v2. |
|
| 856 | 4 | 0 |
_uhttp://site.ebrary.com/lib/rucke/Doc?id=10713136 _zAn electronic book accessible through the World Wide Web; click to view |
| 999 |
_c1041 _d1041 |
||